Who is an architect? (Record no. 60501)
[ view plain ]
| 000 -LEADER | |
|---|---|
| fixed length control field | 01125cam a2200181 4500 |
| 001 - CONTROL NUMBER | |
| control field | ABS60846 |
| 008 - FIXED-LENGTH DATA ELEMENTS--GENERAL INFORMATION | |
| fixed length control field | 000000n1999 000 0 eng u |
| 035 ## - SYSTEM CONTROL NUMBER | |
| System control number | (Sirsi) u101356 |
| 100 ## - MAIN ENTRY--PERSONAL NAME | |
| Personal name | Brewer, G. |
| 245 ## - TITLE STATEMENT | |
| Title | Who is an architect? |
| 260 ## - PUBLICATION, DISTRIBUTION, ETC. | |
| Date of publication, distribution, etc. | 1999 |
| 490 ## - SERIES STATEMENT | |
| Series statement | Contract Journal |
| Volume/sequential designation | 399(6230) 16 June 1999, 29(1) |
| 520 ## - SUMMARY, ETC. | |
| Summary, etc. | Discusses the case "Munkenbeck and Marshall v Kensington Hotel" which centred around the use of the term 'architect'. Following the dismissal of Munkenbeck and Marshall from a conversion project, Kensington had refused to pay outstanding fees because Munkenbeck had been in breach of an agreement to use only registered architects on the project. The judge determined that Munkenbeck had properly described its staff as qualified personnel and were entitled to fees, however professional firms do need to be careful to accurately represent qualifications or experience so as not to give clients a pretext to withhold or reduce fee payments. |
| 650 ## - SUBJECT ADDED ENTRY--TOPICAL TERM | |
| Topical term or geographic name entry element | ARCHITECTS |
| 650 ## - SUBJECT ADDED ENTRY--TOPICAL TERM | |
| Topical term or geographic name entry element | PROFESSIONAL QUALIFICATIONS |
| 690 ## - LOCAL SUBJECT ADDED ENTRY--TOPICAL TERM (OCLC, RLIN) | |
| Topical term or geographic name as entry element | MANAGEMENT-BUSINESS MANAGEMENT-PROFESSIONAL PRACTICE |
| 942 ## - ADDED ENTRY ELEMENTS (KOHA) | |
| Suppress in OPAC | 0 |
| Withdrawn status | Lost status | Source of classification or shelving scheme | Damaged status | Not for loan | Home library | Current library | Shelving location | Date acquired | Total Checkouts | Full call number | Barcode | Date last seen | Copy number | Price effective from | Koha item type |
|---|---|---|---|---|---|---|---|---|---|---|---|---|---|---|---|
| Dewey Decimal Classification | London | London | Journal article | 04/11/1999 | ABS60846 | 101356-1001 | 06/08/2019 | 1 | 06/08/2019 | Journal article |